000 00391 a2200109 4500
001 ART_25609
005 20260410161935.0
008 260409a
245 1 0 _aRetórica y rigor en el discurso económico Latinoamericano
100 1 _aArocena Olivera, Enrique
773 0 _tAnales de la Academia Nacional de Ciencias Económicas
_g- Vol. XXXII, (1987) (ene. 1988)
_wREV25596
999 _c28929
_d28929